000 00481nmm a2200169Ia 4500
008 251105s9999||||xx |||||||||||||||||und||
020 _a8485709861
041 _aspa
100 _aAniorte, Ginés
245 0 _aMientras dure el invierno
264 _a[Madrid, España] :
_bLibros de la Frontera,
_c1990
300 _a83 páginas
490 _aEl Bardo, (Carlos Sahagún)
650 _aSpanish poetry
856 _uhttps://public.digitaliapublishing.com/a/10192
942 _cCF
999 _c73827
_d73827